| 000 | 00445nam a2200121 4500 | ||
|---|---|---|---|
| 008 | 240726b |||||||| |||| 00| 0 eng d | ||
| 020 | _a9025607683 | ||
| 040 |
_aNational Science Library _cNational Science Library |
||
| 245 | _aActes de la XIIe Conférence internationale d'études classiques "Eirene" : Cluj-Napoca, 2-7 octobre 1972 | ||
| 260 |
_aRomania: _bEditura Academiei Republicii Socialiste, _c1975 |
||
| 300 | _a767p. | ||
| 942 |
_2udc _cBK |
||
| 999 |
_c64838 _d64838 |
||